MARC
| LEADER | 00000 a a2200000 04500 | ||
|---|---|---|---|
| 001 | 154 | ||
| 003 | |||
| 040 | |||
| 245 | |a Violencia neonazi | ||
| 650 | |a MIGRACION | ||
| 650 | |a EXTRANJEROS | ||
| 650 | |a POBLACION INDIGENA | ||
| 650 | |a VIOLENCIA | ||
| 650 | |a VENEZUELA | ||
| 773 | |g volumen 15, número 88 -91; páginas 27- 28 | ||
| 999 | |c 25160 |d 25160 | ||
| 773 | 0 | |0 42310 |9 3154 |a Centro de Estudios Pastoral y Asistencia Migratoria (CEPAM) |d s.l.: CEPAM |o 03258 |t Acontecer Migratorio / |w (cru CIDCACS/IIS)153 | |
